000 00408pam a2200157 a 4500
020 _c
041 _aeng
082 _a543.08
_bKRE
100 _aKreshkov, A P.
245 _aCourse of Analytical Chemistry Vol - 1 : Qualitative Analysis
_hTextual Documents
260 _aMoscow
_bMIR Publishers
_c1977
300 _a420.
653 _aInstrumental Analysis
700 _aYaroslavtsev, A A.
930 _a2244
999 _c75529
_d75529